000 00274nam a2200109 4500
999 _c197164
_d197164
008 230817b ||||| |||| 00| 0 eng d
022 _a0976-0911
245 _aMedia Watch
260 _aNew Delhi
_bSage
_c2023
300 _avol.14 issue no.1
_c22cm
942 _2ddc
_cSR
_mMED
_s1